<?xml version="1.0" encoding="UTF-8"?>
<record
    xmlns:xsi="http://www.w3.org/2001/XMLSchema-instance"
    xsi:schemaLocation="http://www.loc.gov/MARC21/slim http://www.loc.gov/standards/marcxml/schema/MARC21slim.xsd"
    xmlns="http://www.loc.gov/MARC21/slim">

  <leader>01754nam a2200301   4500</leader>
  <controlfield tag="001">113400</controlfield>
  <controlfield tag="003">DR-UNIBE</controlfield>
  <controlfield tag="005">20250728145632.0</controlfield>
  <controlfield tag="008">250331b2006    mx ||||| |||| 00| 0 spa d</controlfield>
  <datafield tag="020" ind1=" " ind2=" ">
    <subfield code="a">9707125934  Colecci&#xF3;n completa</subfield>
  </datafield>
  <datafield tag="020" ind1=" " ind2=" ">
    <subfield code="a">9707125950 tomo II</subfield>
  </datafield>
  <datafield tag="020" ind1=" " ind2=" ">
    <subfield code="a">9707125942 tomo 1</subfield>
  </datafield>
  <datafield tag="040" ind1=" " ind2=" ">
    <subfield code="a">BIBLIOTECA UNIBE</subfield>
    <subfield code="b">spa</subfield>
    <subfield code="c">BIBLIOTECA UNIBE</subfield>
    <subfield code="e">rda</subfield>
  </datafield>
  <datafield tag="041" ind1=" " ind2=" ">
    <subfield code="a">spa</subfield>
  </datafield>
  <datafield tag="082" ind1=" " ind2=" ">
    <subfield code="2">22</subfield>
    <subfield code="a">322.10972 M611s 2006</subfield>
  </datafield>
  <datafield tag="110" ind1="1" ind2="0">
    <subfield code="a">Mexico. Suprema Corte de Justicia de la Naci&#xF3;n</subfield>
    <subfield code="e">autor</subfield>
    <subfield code="9">194807</subfield>
  </datafield>
  <datafield tag="245" ind1="1" ind2="3">
    <subfield code="a">La Suprema Corte de Justicia y la cuesti&#xF3;n religiosa, 1917-1940 /</subfield>
    <subfield code="c">Suprema Corte de Justicia de la Naci&#xF3;n</subfield>
  </datafield>
  <datafield tag="250" ind1=" " ind2=" ">
    <subfield code="a">Segunda edici&#xF3;n</subfield>
  </datafield>
  <datafield tag="260" ind1=" " ind2=" ">
    <subfield code="a">M&#xE9;xico :</subfield>
    <subfield code="b">Suprema Corte de Justicia de la Naci&#xF3;n,</subfield>
    <subfield code="c">2006</subfield>
  </datafield>
  <datafield tag="300" ind1=" " ind2=" ">
    <subfield code="a">2  tomos</subfield>
    <subfield code="c">23 x 19 cm</subfield>
  </datafield>
  <datafield tag="505" ind1="0" ind2=" ">
    <subfield code="a">Presentaci&#xF3;n |
 Introducci&#xF3;n |
 Estudio preliminar hist&#xF3;rico-jur&#xED;dico |
 1. Archivos judiciales de la Primera Corte de Justicia: 1917-1919 |
 2. Archivos judiciales de la Segunda Suprema Corte de Justicia: 1919-1923 |
 3. Archivos judiciales Tercera Suprema Corte de Justicia 1923-1928 |
 4. Archivos judiciales durante la &#xE9;poca del "maximato" 1929-1934 |
 Tomo II. 5. Archivos judiciales durante la &#xE9;poca del cardenismo: 1935-1940 |
 Ap&#xE9;ndice documental |
 I. Ministros de la Suprema Corte de Justicia de la Naci&#xF3;n 1917-1940 |
 2. Documentos diversos |
3. Legislaci&#xF3;n
</subfield>
  </datafield>
  <datafield tag="650" ind1=" " ind2="7">
    <subfield code="2">lemb</subfield>
    <subfield code="a">Administraci&#xF3;n de justicia</subfield>
    <subfield code="z">M&#xE9;xico</subfield>
    <subfield code="x">Historia</subfield>
    <subfield code="9">197761</subfield>
  </datafield>
  <datafield tag="650" ind1=" " ind2="7">
    <subfield code="2">lemb</subfield>
    <subfield code="a">Ttibunales constitucionales</subfield>
    <subfield code="z">M&#xE9;xico</subfield>
    <subfield code="9">197762</subfield>
  </datafield>
  <datafield tag="650" ind1=" " ind2="7">
    <subfield code="2">lemb</subfield>
    <subfield code="a">Reformas constitucionales</subfield>
    <subfield code="z">M&#xE9;xico</subfield>
    <subfield code="9">197763</subfield>
  </datafield>
  <datafield tag="650" ind1=" " ind2="7">
    <subfield code="2">lemb</subfield>
    <subfield code="a">Iglesia y estado</subfield>
    <subfield code="z">M&#xE9;xico</subfield>
    <subfield code="y">1917-1940</subfield>
    <subfield code="v">Casos</subfield>
    <subfield code="9">197764</subfield>
  </datafield>
  <datafield tag="650" ind1=" " ind2="7">
    <subfield code="2">lemb</subfield>
    <subfield code="a">Religi&#xF3;n y estado</subfield>
    <subfield code="z">M&#xE9;xico</subfield>
    <subfield code="y">Siglo XX</subfield>
    <subfield code="v">Casos</subfield>
    <subfield code="9">197765</subfield>
  </datafield>
  <datafield tag="942" ind1=" " ind2=" ">
    <subfield code="2">ddc</subfield>
    <subfield code="c">BK</subfield>
  </datafield>
  <datafield tag="999" ind1=" " ind2=" ">
    <subfield code="c">113400</subfield>
    <subfield code="d">113400</subfield>
  </datafield>
  <datafield tag="952" ind1=" " ind2=" ">
    <subfield code="0">0</subfield>
    <subfield code="1">0</subfield>
    <subfield code="2">ddc</subfield>
    <subfield code="7">0</subfield>
    <subfield code="8">GEN</subfield>
    <subfield code="a">Principal</subfield>
    <subfield code="d">2025-01-31</subfield>
    <subfield code="l">0</subfield>
    <subfield code="o">322.10972 M611s_2006</subfield>
    <subfield code="p">250182</subfield>
    <subfield code="r">2025-03-31 14:22:55</subfield>
    <subfield code="t">Vol. 1 Ej. 1</subfield>
    <subfield code="w">2025-03-31</subfield>
    <subfield code="y">BK</subfield>
  </datafield>
  <datafield tag="952" ind1=" " ind2=" ">
    <subfield code="0">0</subfield>
    <subfield code="1">0</subfield>
    <subfield code="2">ddc</subfield>
    <subfield code="7">0</subfield>
    <subfield code="8">GEN</subfield>
    <subfield code="a">Principal</subfield>
    <subfield code="d">2025-06-10</subfield>
    <subfield code="l">0</subfield>
    <subfield code="o">322.10972 M611s_2006</subfield>
    <subfield code="p">250904</subfield>
    <subfield code="r">2025-07-28 14:52:00</subfield>
    <subfield code="t">Vol. 2, Ej. 1</subfield>
    <subfield code="w">2025-07-28</subfield>
    <subfield code="y">BK</subfield>
  </datafield>
</record>
